000
00276nam a22000977a 4500
999
_c
11604
_d
11604
008
190820b ||||| |||| 00| 0 eng d
020
_a
9781581341126
100
_a
Mangalwadi Ruth
_9
7312
245
_a
The Legacy of William Carey
260
_a
Wheaton, illinois
_b
Crossway Books
_c
1999